İslamofobi endüstrisi/ (Record no. 15231)

MARC details
000 -BAŞLIK
Sabit Uzunlukta Kontrol Alanı 00720nam a22002297a 4500
999 ## - SİSTEM KONTROL NUMARALARI (KOHA)
Koha Biblionumber 15231
Koha Biblioitemnumber 15231
003 - KONTROL NUMARASI IDENTIFIER
Denetim Alanı MIRAKIL
005 - SON İŞLEM TARİHİ VE ZAMANI
Denetim Alanı 20230502150926.0
008 - SABİT-BOY VERİ ELEMANLARI - GENEL BİLGİLER
Sabit Uzunlukta Kontrol Alanı 230502b tu ||||| |||| 00| 0 tur d
020 ## - ULUSLARARASI STANDART KİTAP NUMARASI
Uluslararası Standart Kitap Numarası 9789751963185
040 ## - KATALOGLAMA KAYNAK
Orijinal Kataloglama Ajansı TR-AnCHP
Metne Dönüştürmek Ajansı TR-AnCHP
041 ## - DİL KODU
Metin / Ses Parça Veya Ayrı Başlığın Dil Kodu tur
082 ## - DEWEY ONLU SINIFLANDIRMA NUMARASI
Sınıflandırma Numarası 297.8152
Ürün Numarası L32i 2015
100 ## - ANA GİRİŞ - KİŞİSEL İSİM
Kişisel Ad Lean, Nathan
245 10 - BAŞLIK TABLOSU
Başlık İslamofobi endüstrisi/
Sorumluluk Tablosu, Vb Nathan Lean
260 ## - YAYIN, DAĞITIM, VB
Yayın, Dağıtım, Vb Yeri İstanbul:
Yayıncı, Dağıtıcı, Vs Adı DİB Yayınları,
Yayın, Dağıtım, Vb Tarihi 2015.
300 ## - FİZİKSEL TANIM
Kapsam 308 s.:
Boyutlar 19 sm.
490 0# - SERİSİ TABLOSU
Seri Beyanı Diyanet İşleri Başkanlığı Yayınları;
-- Halk Kitapları;
Hacim / Ardışık Tanımı 1094.
-- 255.
504 ## - KAYNAKÇA VB NOT
Kaynakça Vb Notu Kaynakça vardır.
650 #0 - KONU KATMA GİRİŞ - TOPİKAL DÖNEM
9 (RLIN) 5069
Topikal Süreli Veya Coğrafi Ad Giriş Elemanı İslam ve siyaset
Genel Alt Bölümü Türkiye
650 #0 - KONU KATMA GİRİŞ - TOPİKAL DÖNEM
9 (RLIN) 7410
Topikal Süreli Veya Coğrafi Ad Giriş Elemanı İslam ülkeleri
Genel Alt Bölümü İlişkiler
Coğrafi Alt Bölümü Batı ülkkeleri
942 ## - EKLENDİ GİRİŞ ELEMANLARI (KOHA)
Sınıflandırma Veya Raf Düzeni Kaynak Dewey Decimal Classification
Koha Öğesi Türü Books
Holdings
Kalıcı Konum Mevcut Konum Edinme Tarihi Toplam Check-Out'Lar Tam Çağrı Numarası Barkod Tarih Son Görülme İtibaren Geçerli Fiyatlar Koha Öğesi Türü
CHP Kütüphanesi CHP Kütüphanesi 05/02/2023   297.8152 L32i 2015 020824 05/02/2023 05/02/2023 Books